Normal view MARC view

Entry Personal Name

Number of records used in: 2

001 - CONTROL NUMBER

  • control field: 43535

003 - CONTROL NUMBER IDENTIFIER

  • control field: dpl

005 - DATE AND TIME OF LATEST TRANSACTION

  • control field: 20120306124222.0

008 - FIXED-LENGTH DATA ELEMENTS

  • fixed length control field: 120306|||a|||||| | ||| d

040 ## - CATALOGING SOURCE

  • Original cataloging agency: dpl
  • Transcribing agency: dpl

100 ## - HEADING--PERSONAL NAME

  • Personal name: Jain, Madhu

670 ## - SOURCE DATA FOUND

  • Source citation: Work cat.: (dpl)63039: Jain, Madhu, The emperor 's ring /, 2003

670 ## - SOURCE DATA FOUND

  • Source citation: Work cat.: (dpl)63039: Jain, Madhu, The emperor 's ring /, 2003

© Delhi Public Library
Hit Counter
free hit counter